Güzel günlerimiz oldu : (Record no. 13433)

MARC details
000 -BAŞLIK
Sabit Uzunlukta Kontrol Alanı 01025nam a22002777a 4500
999 ## - SİSTEM KONTROL NUMARALARI (KOHA)
Koha Biblionumber 13433
Koha Biblioitemnumber 13433
003 - KONTROL NUMARASI IDENTIFIER
Denetim Alanı MIRAKIL
005 - SON İŞLEM TARİHİ VE ZAMANI
Denetim Alanı 20190725122040.0
008 - SABİT-BOY VERİ ELEMANLARI - GENEL BİLGİLER
Sabit Uzunlukta Kontrol Alanı 190725b tu ||||| |||| 00| 0 tur d
020 ## - ULUSLARARASI STANDART KİTAP NUMARASI
Uluslararası Standart Kitap Numarası 9786052957103
040 ## - KATALOGLAMA KAYNAK
Orijinal Kataloglama Ajansı TR-AnCHP
Metne Dönüştürmek Ajansı TR-AnCHP
041 ## - DİL KODU
Metin / Ses Parça Veya Ayrı Başlığın Dil Kodu tur
082 ## - DEWEY ONLU SINIFLANDIRMA NUMARASI
Sınıflandırma Numarası 920.5
Ürün Numarası G99 2019
245 10 - BAŞLIK TABLOSU
Başlık Güzel günlerimiz oldu :
Başlığın Kalan Sami Karaören /
Sorumluluk Tablosu, Vb hazırlayanlar : P. Şükran Sabunç, Mukadder Özgeç, Ömer Özgeç.
246 ## - UNVAN FORM VARYING
Başlık Doğru / Kısa Başlığı Sami Karaören anıları
260 ## - YAYIN, DAĞITIM, VB
Yayın, Dağıtım, Vb Yeri İstanbul:
Yayıncı, Dağıtıcı, Vs Adı Türkiye İş Bankası Kültür yayınları,
Yayın, Dağıtım, Vb Tarihi 2019.
Üretici Firma Ayhan Matbaası.
300 ## - FİZİKSEL TANIM
Kapsam xıı, 179 s.:
Diğer Fiziksel Ayrıntıları fotg.;
Boyutlar 20 sm.
490 0# - SERİSİ TABLOSU
Seri Beyanı Türkiye İş Bankası Kültür yayınları;
Hacim / Ardışık Tanımı Genel yayın :4396.
504 ## - KAYNAKÇA VB NOT
Kaynakça Vb Notu Dizin vardır.
600 #0 - KONU KATMA GİRİŞ - KURUMSAL ADI
9 (RLIN) 5904
Kişisel Ad Karaören, Sami
Başlıklar Ve Bir Adla İlişkili Diğer Kelimeler Gazeteci
Bir Adıyla İlişkilendirilen Tarihler 1924-
Genel Alt Bölümü Anılar
650 #0 - KONU KATMA GİRİŞ - TOPİKAL DÖNEM
9 (RLIN) 439
Topikal Süreli Veya Coğrafi Ad Giriş Elemanı Gazeteciler
Genel Alt Bölümü Yaşamöyküsü
700 ## - KATMA GİRİŞ - KİŞİSEL İSİM
9 (RLIN) 5905
Kişisel Ad Sabanuç, P. Şükran
Relator Terim haz.
700 ## - KATMA GİRİŞ - KİŞİSEL İSİM
9 (RLIN) 5906
Kişisel Ad Özgeç, Mukadder
Relator Terim haz.
700 ## - KATMA GİRİŞ - KİŞİSEL İSİM
9 (RLIN) 5907
Kişisel Ad Özgeç, Ömer
Relator Terim haz.
740 ## - KATMA GİRİŞ - KONTROLSUZ İLGİLİ / ANALİTİK BAŞLIK
Kontrol Edilmeyen / İlgili Analitik Başlıktaki Sami Karaören anıları
942 ## - EKLENDİ GİRİŞ ELEMANLARI (KOHA)
Sınıflandırma Veya Raf Düzeni Kaynak Dewey Decimal Classification
Koha Öğesi Türü Books
Holdings
Kalıcı Konum Mevcut Konum Edinme Tarihi Toplam Check-Out'Lar Tam Çağrı Numarası Barkod Tarih Son Görülme İtibaren Geçerli Fiyatlar Koha Öğesi Türü
CHP Kütüphanesi CHP Kütüphanesi 07/25/2019   920.5 G99 2019 019294 07/25/2019 07/25/2019 Books